[Event "North American-ch U14"]
[Site "Montreal"]
[Date "2010.08.18"]
[Round "5"]
[White "Regam, Jay"]
[Black "Lepine, Cedric"]
[Result "0-1"]
[WhiteElo "1417"]
[BlackElo "1663"]
[PlyCount "64"]
[EventDate "2010.08.16"]
[EventType "swiss"]
[EventRounds "7"]
[EventCountry "CAN"]
[SourceTitle "EXT 2013"]
[Source "ChessBase"]
[SourceDate "2012.11.22"]
[SourceVersion "1"]
[SourceVersionDate "2012.11.22"]
[SourceQuality "1"]

1. e4 e6 2. d4 d5 3. Nd2 Nf6 4. e5 Nfd7 5. Bd3 c5 6. c3 Nc6 7. Ne2 Be7 8. Nf3 Qb6 9. a3 cxd4 10. cxd4 0-0 11. 0-0 f6 12. exf6 Bxf6 13. Rb1 e5 14. dxe5 Ndxe5 15. Nxe5 Bxe5 16. Be3 d4 17. Bd2 Bf5 18. Bxf5 Rxf5 19. Qc2 Raf8 20. Qd3 Rh5 21. h3 Bd6 22. b4 Qb5 23. Qxb5 Rxb5 24. Rbd1 Rd5 25. Rfe1 Be5 26. Nc1 d3 27. Be3 Rfd8 28. Bg5 R8d7 29. Be3 d2 30. Re2 dxc1Q 31. Rxc1 Rd1+ 32. Rxd1 Rxd1+ 0-1